| 000 | 00478 a2200181 4500 | ||
|---|---|---|---|
| 005 | 20260220123418.0 | ||
| 008 | 260220b |||||||| |||| 00| 0 eng d | ||
| 020 |
_a9788174790255 _cRs. 495.00 |
||
| 040 | _aMAIN | ||
| 082 |
_a301.412 _bK167W |
||
| 100 | _aKaushal, Rachna | ||
| 245 | _aWomen and human rights in India | ||
| 260 |
_bKaveri Books _c2024 _aNew Delhi |
||
| 300 | _ax, 150 | ||
| 650 | _aWomen- India | ||
| 650 | _aWomen- Social Conditions- India | ||
| 942 | _cBK | ||
| 999 |
_c396158 _d396158 |
||